00756nam a2200241 a 4500001001300000003000900013005001700022008004100039020001000080082001300090100002500103245008100128260004500209300000800254500003500262505002600297650002300323700002500346902000800371942000700379952011300386999001500499nice12345678IN_TiNIC20260116012237.0050524s1951 lona grp 000 0 eng  ac10000a190bSCH aSchopenhauer, Arthur aEssays from the Parerga and Paralipomenab Wisdom of Life, Councils & Maxims aLondonbGeorge Allen and Unwin Ltdc1951 a85p aincludes index and biblioraphy2 aBibliographical Notes aPhilosophy-Western1 aSchopenhauer, Arthur bSRS cBK 001040708StackRoom-aHMIbHMId2007-03-16g100.00l0o190 SCHp09895r2007-03-16v100.00w2005-05-24yBK c6221d6221